Normal view
MARC view
Entry Corporate Name
001 - CONTROL NUMBER
- control field: 680988
003 - CONTROL NUMBER IDENTIFIER
- control field: OSt
005 - DATE AND TIME OF LATEST TRANSACTION
- control field: 20221006170041.0
008 - FIXED-LENGTH DATA ELEMENTS
- fixed length control field: 221006|| aca||aabn | a|a d
040 ## - CATALOGING SOURCE
- Original cataloging agency: OSt
- Transcribing agency: OSt
110 ## - HEADING--CORPORATE NAME
- Corporate name or jurisdiction name as entry element: Rabindra Bharatiya University. Faculty of Music and Fine Arts. Department of Music
670 ## - SOURCE DATA FOUND
- Source citation: Work cat.: (OSt)1122845: Bandopadhyaya Neehar Ranjan Au. 680987, Hindustani Shashtriya Sangeet Main Vishnupur Gharane Ka Yogdan, 2002
